| 000 | 00523nam a22001932 4500 | ||
|---|---|---|---|
| 001 | 0000001896 | ||
| 005 | 20170406113815.0 | ||
| 008 | 140205s xx 000 0 eng d | ||
| 020 | _c$ | ||
| 040 |
_aYour Holding Symbol _cYour Holding Symbol |
||
| 100 | 1 | _aBingham,C.Robert. | |
| 245 | 1 | 0 |
_aEconomics : _bprinciples,problems,and polies. |
| 250 | _a4th ed. | ||
| 260 |
_aNew york : _bMcGRAW-Hill, _c1987. |
||
| 300 |
_a429 p. ; _c cm. |
||
| 504 | _aIndex. | ||
| 650 | 0 | _aeconomics. | |
| 908 | _a140205 | ||
| 999 |
_c1806 _d1806 |
||